El Convento de los Descalzos de Lima. Un oasis de espiritualidad y de acción apostólica

Saved in:
Bibliografiske detaljer
Hovedforfatter: Heras, Julián (Author)
Format: Bog
Sprog:spansk
Udgivet: Lima Conventos de los Descalzos 1995
Fag:
Tags: Tilføj Tag
Ingen Tags, Vær først til at tagge denne postø!

MARC

LEADER 00000nam a2200000 a 4500
001 UCI4266
003 CL-VaPUC
008 080111e19950000PE |||||||||||||||||spa|d
082 0 4 |a 271.3  |b HER  |2 21 
100 |a Heras, Julián  |e author  |9 540215 
245 1 3 |a El Convento de los Descalzos de Lima. Un oasis de espiritualidad y de acción apostólica 
300 |a 307 p 
942 |c BK 
945 |d 20080111 00:00:00  |a rbrito 
260 |a Lima  |b Conventos de los Descalzos  |c 1995 
500 |a Donación Padres Capuchinos 
600 0 7 |a FRANCISCANOS  |2 CL-VaPUC  |9 314580 
650 0 |a Conventos  |9 328972 
650 7 |a CLAUSTROS  |2 CL-VaPUC  |9 266987 
651 7 |a LIMA  |2 CL-VaPUC  |9 350186 
651 0 |a Perú  |9 256567 
583 |a last modification  |c 20180417 05:34:15  |k Rodrigo Vera 
999 |c 328224  |d 328222 
952 |0 0  |1 0  |4 0  |6 271_300000000000000_HER_1995  |7 0  |8 X  |9 412025  |a FDOBUD  |b FDOBUD  |d 2019-11-22  |i 4401123  |o 271.3 HER 1995  |p 4401123  |r 2019-11-22  |w 2019-11-22  |y BK_X  |k BUD